Countries IShowSpeed has Visited - Statistics

General Stats
  • This quiz has been taken 231 times
    3 since last reset
  • The average score is 42 of 91
Answers on the Map
Answers color-coded by a green-red scale on the quiz's map according to % correct below.
 
Answer Stats
Country % Correct
Australia
100%
Brazil
100%
China
100%
France
100%
Germany
100%
India
100%
Italy
100%
Japan
100%
Nigeria
100%
Poland
100%
South Africa
100%
South Korea
100%
United Kingdom
100%
United States
100%
Albania
50%
Algeria
50%
Argentina
50%
Austria
50%
Belgium
50%
Bolivia
50%
Bosnia and Herzegovina
50%
Bulgaria
50%
Cambodia
50%
Chile
50%
Colombia
50%
Croatia
50%
Czech Republic
50%
Denmark
50%
Dominica
50%
Dominican Republic
50%
Ecuador
50%
Egypt
50%
Estonia
50%
Ethiopia
50%
Finland
50%
Ghana
50%
Greece
50%
Hungary
50%
Indonesia
50%
Kenya
50%
Latvia
50%
Lithuania
50%
Malaysia
50%
Mongolia
50%
Morocco
50%
Namibia
50%
Netherlands
50%
New Zealand
50%
Norway
50%
Paraguay
50%
Peru
50%
Philippines
50%
Portugal
50%
Romania
50%
Saudi Arabia
50%
Senegal
50%
Serbia
50%
Slovakia
50%
Slovenia
50%
Spain
50%
Sweden
50%
Switzerland
50%
Thailand
50%
Turkey
50%
United Arab Emirates
50%
Uruguay
50%
Vietnam
50%
Zambia
50%
Zimbabwe
50%
Angola
0%
Antigua and Barbuda
0%
Bahamas
0%
Barbados
0%
Benin
0%
Botswana
0%
Eswatini
0%
Grenada
0%
Guatemala
0%
Ivory Coast
0%
Jamaica
0%
Liberia
0%
Monaco
0%
Mozambique
0%
Panama
0%
Qatar
0%
Rwanda
0%
Singapore
0%
St. Kitts and Nevis
0%
St. Lucia
0%
St. Vincent and the Grenadines
0%
Trinidad and Tobago
0%
No matching quizzes found
Score Distribution
Percent of People with Each Score
Percentile by Number Answered
Your Score History
You have not taken this quiz since the last reset